Manažment ľudských zdrojov vo vydavateľsko-tlačiarenskom komplexe

Prieskum akútneho nedostatoku kvalifikovanej pracovnej sily vo vydavateľsko-tlačiarenskom komplexe.

Enregistré dans:
Détails bibliographiques
Auteur principal: Šíp, Roman
Format: Chapitre de livre
Langue:slovaque
Sujets:
Tags: Ajouter un tag
Pas de tags, Soyez le premier à ajouter un tag!

MARC

LEADER 00000nla a2200000 4500
001 0237302
005 20240502073830.2
041 0 |a slo 
044 |a SK 
245 1 0 |a Manažment ľudských zdrojov vo vydavateľsko-tlačiarenskom komplexe  |c Roman Šíp 
520 |a Prieskum akútneho nedostatoku kvalifikovanej pracovnej sily vo vydavateľsko-tlačiarenskom komplexe. 
610 2 0 |a zdroje ľudské 
610 2 0 |a priemysel polygrafický 
610 2 0 |a prieskum informačný 
610 2 0 |a sily pracovné 
610 2 0 |a zamestnávatelia 
610 2 0 |a tlačiarne 
610 2 0 |a Slovensko 
100 1 |a Šíp, Roman